00000000nam 2200000za 4500
0019.676854
003CaOODSP
00520250307101814
007cr |||||||||||
008160503s2013    xxc|||||o    f|0| 0 iku d
020 |a978-0-662-03802-3
040 |aCaOODSP|bfre
043 |an-cn---
0861 |aFR5-83/2013Iku2-PDF|zFR5-83/2013S-PDF
1101 |aCanada.|bAffaires étrangères, Commerce et Développement Canada.
24513|a[La présidence canadienne du Conseil de l'Arctique 2013-2015] |h[ressource électronique].
250 |a[Édition inuktitut].
260 |a[Ottawa] : |bAffaires étrangères, Commerce et Développement Canada, |c2013.
300 |a1 p.
500 |aTitre français fourni par l’éditeur.
500 |aPublié aussi en français sous le titre : La présidence canadienne du Conseil de l'Arctique 2013-2015.
546 |aTexte en inuktitut.
77508|tLa présidence canadienne du Conseil de l'Arctique 2013-2015 |w(CaOODSP)9.642569
791 |t[Development for the people of the North - the Arctic Council Program during Canada's chairmanship (2013-15)] |eeng|w(CaOODSP)9.676853
85640|qPDF|s734 Ko|uhttps://publications.gc.ca/collections/collection_2016/amc-gac/FR5-83-2013-iku.pdf